Transfer of technology : Some dimensions
Shranjeno v:
| Korporativna značnica: | |
|---|---|
| Format: | Knjiga |
| Jezik: | Undetermined |
| Izdano: |
Japan
Asian Productivity Organisation
1977
|
| Teme: | |
| Oznake: |
Označite
Brez oznak, prvi označite!
|
| Thư viện lưu trữ: | Trung tâm Học liệu Trường Đại học Cần Thơ |
|---|
| LEADER | 00523nam a2200181Ia 4500 | ||
|---|---|---|---|
| 001 | CTU_78343 | ||
| 008 | 210402s9999 xx 000 0 und d | ||
| 082 | |a 338.9 | ||
| 082 | |b A832 | ||
| 110 | |a Asian Productivity Organisation | ||
| 245 | 0 | |a Transfer of technology : | |
| 245 | 0 | |b Some dimensions | |
| 245 | 0 | |c Asian Productivity Organisation | |
| 260 | |a Japan | ||
| 260 | |b Asian Productivity Organisation | ||
| 260 | |c 1977 | ||
| 650 | |a Technology transfer | ||
| 980 | |a Trung tâm Học liệu Trường Đại học Cần Thơ | ||